Logo BPK

Biblioteka

Politechniki Koszalińskiej

Katalog Nakładów Rzeczowych nr 5-13 / (Rekord nr 10112)

Szczegóły MARC
000 -ETYKIETA REKORDU
podpole kontrolne o stałej długości 00485nam a2200157 i 4500
001 - NUMER KONTROLNY REKORDU
pole kontrolne bg
040 ## - ŹRÓDŁO KATALOGOWANIA
Instytucja, która utworzyła rekord BPK
041 ## - KOD JĘZYKA
Kod języka tekstu pl
008 - POLE O STAŁEJ DŁUGOŚCI - DANE KONTROLNE
podpole kontrolne o stałej długości s pl f |000 0 pol
245 #0 - TYTUŁ/ODPOWIEDZIALNOŚĆ
Tytuł Katalog Nakładów Rzeczowych nr 5-13 /
Pozostałe elementy strefy tytułu i oznaczenia odpowiedzialności Ministerstwo Górnictwa i Energetyki ; [Przedsiębiorstwo Budownictwa Elektroenergetyczego ELBUD.
254 ## - STREFA POSTACI ZAPISU MUZYCZNEGO
Określenie postaci zapisu muzycznego KNR5-13
260 ## - STREFA ADRESU WYDAWNICZEGO
Miejsce wydania Kraków :
Nazwa wydawcy/dystrybutora Energoprojekt,
Data publikacji, dystrybucji/powstania dokumentu 1984.
650 #9 - HASŁO PRZEDMIOTOWE W FORMIE NAZWY OGÓLNEJ LUB JEDNOSTKOWEJ
Nazwa ogólna lub geograficzna elektroenergetyka
650 #9 - HASŁO PRZEDMIOTOWE W FORMIE NAZWY OGÓLNEJ LUB JEDNOSTKOWEJ
Nazwa ogólna lub geograficzna linie wysokiego napięcia
856 ## - LOKALIZACJA I DOSTĘP DO ELEKTRONICZNYCH DOKUMENTÓW ZDALNYCH
Link (URL) http://koha.tu.koszalin.pl/cgi-bin/koha/opac-detail.pl?biblionumber=10112
Tekst linku Katalog online BPK
942 ## - DODATKOWE ELEMENTY (KOHA)
Typ dokumentu Katalog
Egzemplarze
Wycofany Status egzemplarza Uszkodzony Dostępność Lokalizacja stała Lokalizacja bieżąca Miejsce przechowywania Sygnatura Kod kreskowy Typ dokumentu Numer ubytku
      Dostępny Biblioteka Politechniki Koszalińskiej Biblioteka Politechniki Koszalińskiej Wypożyczalnia BG KC 2475 02034041 Katalog  
  Egz. niedostępny   Niedostępny Biblioteka Politechniki Koszalińskiej Biblioteka Politechniki Koszalińskiej   KC 2476 02034058 Katalog 2705
© 2023 Biblioteka Politechniki Koszalińskiej :: KOHA